Un error histórico : (Record no. 195874)

MARC details
000 -LEADER
campo de control de longitud fija 01148nam a2200301 i 4500
001 - NÚMERO DE CONTROL
campo de control 195874
003 - IDENTIFICADOR DE NÚMERO DE CONTROL
campo de control ES-MaACL
005 - FECHA Y HORA DE LA ÚLTIMA TRANSACCIÓN
campo de control 20250324063056.0
008 - DATOS DE LONGITUD FIJA--INFORMACIÓN GENERAL
campo de control de longitud fija 240728s2016 sp ||||| |||| 00| 0 spa d
017 ## - NÚMERO DE COPYRIGHT O DE DEPÓSITO LEGAL
Número de copyright o de depósito legal BA 624-2016
Agencia que asigna Oficina Depósito Legal Badajoz
040 ## - FUENTE DE CATALOGACIÓN
Centro/agencia transcriptor ES-MaACL
100 ## - ENTRADA PRINCIPAL--NOMBRE DE PERSONA
9 (RLIN) 236607
Nombre de persona Carmona Cerrato, Julio
Término indicativo de función/relación Autor
245 ## - MENCIÓN DEL TÍTULO
Título Un error histórico :
Resto del título la identidad de Alonso de Mendoza /
Mención de responsabilidad, etc. Julio Carmona Cerrato.
250 ## - MENCION DE EDICION
Mención de edición Primera edición
260 ## - PUBLICACIÓN, DISTRIBUCIÓN, ETC.
Lugar de publicación, distribución, etc. Don Benito :
Nombre del editor, distribuidor, etc. Ayuntamiento de Don Benito,
Fecha de publicación, distribución, etc. 2016.
300 ## - DESCRIPCIÓN FÍSICA
Extensión 389 pág. :
Dimensiones 24 cm.
336 ## - TIPO DE CONTENIDO
Fuente rdacontent
Término de tipo de contenido Texto
337 ## - TIPO DE MEDIO
Fuente rdamedia
Nombre/término del tipo de medio sin mediación
338 ## - TIPO DE SOPORTE
Fuente rdacarrier
Nombre/término del tipo de soporte volumen
600 #4 - PUNTO DE ACCESO ADICIONAL DE MATERIA--NOMBRE DE PERSONA
Nombre de persona Mendoza Carvajal, Alonso de
9 (RLIN) 239875
650 #7 - PUNTO DE ACCESO ADICIONAL DE MATERIA--TÉRMINO DE MATERIA
9 (RLIN) 155640
Término de materia o nombre geográfico como elemento de entrada Conquistadores-
Subdivisión general Biografías
Subdivisión geográfica América-
650 #7 - PUNTO DE ACCESO ADICIONAL DE MATERIA--TÉRMINO DE MATERIA
9 (RLIN) 168677
Término de materia o nombre geográfico como elemento de entrada Historia moderna-
Subdivisión cronológica S.XVI
852 ## - LOCALIZACIÓN
Ubicación ES-MaACL
Sublocalización o colección R.152514
Ubicación en estantería Depósito J
Número de control de estantería N-8989
Donativo/Legado Donación: Editorial
Encuadernación Encuadernación rústica con solapas
itemnumber 204857
942 ## - ELEMENTOS DE ENTRADA SECUNDARIOS (KOHA)
Tipo de ítem Koha Libro impreso
Suprimir en OPAC No
Holdings
Estatus retirado Estado de pérdida Fuente del sistema de clasificación o colocación Estado de daño No para préstamo Biblioteca de origen Biblioteca actual Ubicación en estantería Fecha de adquisición Fuente de adquisición Total de préstamos Signatura topográfica completa Código de barras Visto por última vez Precio de reemplazo Tipo de ítem Koha
    Clasificación decimal universal     Biblioteca del Ateneo de Madrid Biblioteca del Ateneo de Madrid Depósito J 22/03/2025 Donación   N-8989 101229705 22/03/2025 22/03/2025 Libro impreso